=LDR 00000nam 2200000 4500 =001 000416 =005 20250710033716 =035 ##$$a 0010-0725000278 =007 ta =008 250710################a##########0#ind## =020 ##$$a 978-623-307-145-1 =082 ##$$a 398.245 598 =084 ##$$a 398.245 598 DEW s =100 #$$a Dewi, Beby Haryanti =245 1#$$a Suka-Suka Heidi /$c Beby Haryanti Dewi =250 ##$$a cetakan kedua =260 ##$$a Jakarta Timur :$b Badan Pengembangan dan Pembinaan Bahasa,$c 2024 =300 ##$$a 24 hlm. : $b Ilus. ; $c 29,7 cm =650 #4$$a Cerita Anak-Fabel =650 #4$$a Literasi-Bahan Bacaan =856 ##$$a TBM As-suhada =990 ##$$a TBM01400140